Statistics for Poetry: The Soldier

Click here to take the quiz!

General Stats

  • This quiz has been taken 64 times
  • The average score is 7 of 14

Answer Stats

Answer% Correct
If I should {die}, think only this of me:
96%
That is forever {England}. There shall be
87%
A body of England's, breathing English {air},
83%
That there's some corner of a foreign {field}
76%
In that rich {earth} a richer dust concealed;
74%
A dust whom England {bore}, shaped, made aware,
61%
In hearts at peace, under an English {heaven}.
61%
Gave, once, her flowers to love, her ways to {roam},
48%
Washed by the {rivers}, blest by suns of home.
41%
And think, this heart, all {evil} shed away,
30%
And {laughter}, learnt of friends; and gentleness,
28%
A {pulse} in the eternal mind, no less
24%
Gives somewhere back the {thoughts} by England given;
20%
Her sights and sounds; {dreams} happy as her day;
17%

Score Distribution

Percentile by Number Answered

Percent of People with Each Score

Your Score History

You have not taken this quiz